|
|
|
|
| LEADER |
00907nam a2200241 a 4500 |
| 001 |
0014121 |
| 003 |
BD-DhAAL |
| 008 |
100210s2003 ii b 000 0 eng d |
| 040 |
|
|
|a BD-DhAAL
|c BD-DhAAL
|
| 082 |
0 |
0 |
|a 150.1952
|2 22
|
| 100 |
1 |
|
|a Freud, Sigmund,
|d 1856-1939.
|9 45473
|
| 245 |
0 |
0 |
|a Introductory lectures on psychoanalysis /
|c Sigmund Freud.
|
| 260 |
|
|
|a New Delhi :
|b Shrijee's Book International,
|c 2003.
|
| 300 |
|
|
|a 528 pages ;
|c 21 cm.
|
| 500 |
|
|
|a First impression.
|
| 504 |
|
|
|a Includes bibliographical references.
|
| 541 |
1 |
|
|e 0014121
|
| 650 |
0 |
0 |
|a Psychoanalysis.
|9 45474
|
| 650 |
0 |
0 |
|a Psychology.
|
| 852 |
4 |
|
|a Ayesha Abed Library
|j General Shelf
|
| 942 |
|
|
|2 ddc
|c BK
|
| 999 |
|
|
|c 7434
|d 7434
|
| 952 |
|
|
|0 0
|1 0
|2 ddc
|4 0
|6 150_195200000000000_FRE
|7 0
|9 7968
|a BRACUL
|b BRACUL
|c GEN
|d 2010-02-10
|g 320.00
|l 21
|m 97
|o 150.1952 FRE
|p 3010014121
|r 2026-04-01
|s 2025-12-09
|t 1
|w 2010-02-10
|y BK
|x Price available in register book.
|